| 000 | 00422nam a2200181Ia 4500 | ||
|---|---|---|---|
| 005 | 20240823055314.0 | ||
| 008 | 240823s9999||||xx |||||||||||||| ||und|| | ||
| 041 | _aENGLISH | ||
| 082 | _A796.42 M5 | ||
| 100 | _aEnglish text Hamlyn | ||
| 245 | 0 | _aEncyclopedia of Track and Field | |
| 250 | _a1st | ||
| 260 |
_c1985 _b"PHI,New York" |
||
| 500 | _aYES | ||
| 650 |
_aGeneral _bGeneral |
||
| 942 | _cBK | ||
| 999 |
_c228476 _d228476 |
||